000 00624cam a22002291 4500
001 sa 68000810
003 DLC
005 20260227112427.0
008 910920s1967 ii c 000 0 hino
010 _asa 68000810
035 _a(OCoLC)24427699
040 _aDLC
_cWaU
_dDLC
050 0 0 _aPK1934
_b.V25 1967
100 1 _aVajpeyi, Kishoridas.
245 1 0 _aHindī-śabdānuśāsana.
260 _c1967.
300 _a2, 4, 39, 7, 5, 608 p.
_bports.
_c22 cm.
500 _aIn Hindi.
650 0 _aHindi language
_xGrammar.
650 0 _aHindi language
_xHistory.
830 0 _aṠāstra Vijñāna granthaṁāla ;
_v3.
999 _c77465
_d77465